Il delitto Pasolini

Uloženo v:
Podrobná bibliografie
Hlavní autor: Maconi, Gianluca
Médium: Kniha
Jazyk:angličtina
Vydáno: Sommacampagna (VR)
Tagy: Přidat tag
Žádné tagy, Buďte první, kdo vytvoří štítek k tomuto záznamu!

MARC

LEADER 00000nam a2200000 4500
001 CDOM0000003755
003 mi
005 20250919172041.0
008 250919b |||||||| |||| 00| 0 eng d
040 |c mi 
100 |a Maconi, Gianluca 
245 1 |a Il delitto Pasolini  
260 |a Sommacampagna (VR) 
942 |2 ddc  |c BK 
952 |0 0  |1 0  |2 ddc  |4 0  |7 0  |9 6969  |a MI  |b MI  |d 2009-08-26  |i 5469  |l 0  |p CDOM5469  |r 2025-07-13 16:28:00  |w 2025-07-13  |x DONO  |y BK 
999 |c 5689  |d 5689